SparkStory Kirbies Quiz Stats

 Plays Quiz not verified by Sporcle

Challenge
Share
Tweet
Embed
Score 0/34 Timer 09:00
0 Plays Today
Kirby % Correct
Spark
100%
Hippo
100%
Pixel Reliant
96.4%
Flare
96.4%
Ryan
96%
Sky
94.4%
Sako
92.7%
Doofus
92.7%
Blue Kirby
92.3%
Kuzer
90.9%
Danielle Sprocketz
84%
Grace
83.6%
Brokor
83.3%
Scar
80%
Daniel
80%
Mint
80%
Carbon
80%
Kirby % Correct
Bolt
76%
Libra
76%
Shock
72.2%
Plazy
72.2%
Deuce
72.2%
Roberto
72%
Andrea
72%
Sniveh
72%
Skybyte
68%
Achasai
66.7%
Dameon
61.1%
Jake Dommun
61.1%
Magolor
61.1%
Skate
61.1%
Dub
55.6%
Korazar
55.6%
Ackori
55.6%

You're not logged in!

Compare scores with friends on all Sporcle quizzes.
OR
Log In

You Might Also Like...

Show Comments

Extras

Created Jan 6, 2013SourceReportNominate
Tags:intro, kirby, spark, story

Top Quizzes Today


Score Distribution

Your Account Isn't Verified!

In order to create a playlist on Sporcle, you need to verify the email address you used during registration. Go to your Sporcle Settings to finish the process.

Report this User

Report this user for behavior that violates our Community Guidelines.

Details: